| 000 | 00883nam a2200265 a 4500 | ||
|---|---|---|---|
| 001 | BRCA_3857 | ||
| 005 | 20190320204442.0 | ||
| 008 | 171209s1943----nyua######---#000-0#eng-# | ||
| 041 | _aeng | ||
| 044 | _anyu | ||
| 050 | 4 |
_aF1234 _b.B74 1943 |
|
| 100 | 1 |
_aBrenner Duchan, Anita _d1905-1974. _910042 |
|
| 245 | 1 | 0 |
_aThe Wind that swept Mexico _bthe history of the Mexican Revolution 1910-1942 _cby Anita Brenner ; 184 historical photographs assembled by George R. Leighton. |
| 250 | _a4 | ||
| 260 |
_aNew York _bHarper _cc1943 |
||
| 300 |
_a302 p. _bil. _c21 cm. |
||
| 500 | _aIncluye índice alfabético | ||
| 500 | _aC16 | ||
| 651 | 4 |
_aMéxico _vHistoria _y1910-1946 _910043 |
|
| 651 | 4 |
_aMéxico _vPolítica y gobierno _y1910-1946 _910044 |
|
| 651 | 4 |
_aMéxico _vHistoria _xRevolución _y1910-1917 _910045 |
|
| 700 | 1 |
_aLeighton, George R _910046 |
|
| 902 | _aGFM | ||
| 942 |
_2lcc _cB |
||
| 999 |
_c3585 _d3585 |
||